| 000 | 01163cam a22003617a 4500 | ||
|---|---|---|---|
| 003 | CHAP | ||
| 005 | 20220817043814.0 | ||
| 008 | 011031s1981 mx a r 00110 spa d | ||
| 010 | _a84923 | ||
| 011 | _a85895 | ||
| 020 | _a9684110553 | ||
| 035 | _a96433 | ||
| 040 | _cCHAP | ||
| 082 | 0 | 4 |
_a320 _bB3 |
| 100 | 0 | 0 |
_aBartra, Roger. _910652 |
| 245 | 1 | 4 |
_aLas redes imaginarias del poder político _c/por Roger Bartra |
| 260 |
_aMéxico, D.F. : _bEdiciones Era, _c1981. |
||
| 300 |
_a269 p. : _bilus. |
||
| 410 | 2 | 1 |
_aUNAM. _bInstituto de Investigaciones Sociales |
| 490 | 0 |
_aSerie popular Era _v; 79 |
|
| 590 |
_aBATCH-UPD _b10 _c20130110 _lUCH01 _h1125 |
||
| 590 |
_aBATCH-UPD _b10 _c20130410 _lUCH01 _h0714 |
||
| 590 |
_aBATCH-UPD _b10 _c20130914 _lUCH01 _h0549 |
||
| 590 |
_aCONVERSION _b10 _c20130109 _lUCH01 _h1347 |
||
| 650 | 0 | 4 |
_aCiencias políticas. _923206 |
| 650 | 0 | 4 |
_aPoder. _989471 |
| 810 | 2 | 1 |
_aUNAM. _bInstituto de Investigaciones Sociales _9116095 |
| 830 | 0 | 0 |
_aSerie popular Era _v; 79 |
| 901 | _aBK | ||
| 905 | _aMarco A. Mendoza T. | ||
| 942 | _cLIBRO | ||
| 949 |
_a320 B3 _bBC _cLIBRO _d33724000857660 _eLIBRO _gDonaciØn conasupo _h102004 _i96433 _si |
||
| 999 |
_c84923 _d84923 |
||